000 00319 a2200157 4500
001 188323
020 _a
040 _cMagnum
100 _aNeves, Elza Aguiar
240 1 0 _aSinfonia viva
_lpor
245 1 0 _aSinfonia viva
300 _a22
362 0 _a2005
697 _aLITERATURA INFANTO-JUVENIL
942 _cBK
999 _c188323
_d188323